[Event "Ruhrgebiet Verbandsklasse Gruppe 1 1617"]
[Site "Germany"]
[Date "2016.09.04"]
[Round "1.5"]
[White "Reininghaus, Dennis"]
[Black "Schlenter, Ruediger"]
[Result "1/2-1/2"]
[WhiteElo "1738"]
[BlackElo "1868"]
[PlyCount "91"]
[EventDate "2016.09.04"]
[EventType "team-tourn"]
[EventRounds "9"]
[EventCountry "GER"]
[SourceTitle "EXT 2022"]
[Source "ChessBase"]
[SourceDate "2021.10.06"]
[SourceVersion "1"]
[SourceVersionDate "2021.10.06"]
[SourceQuality "1"]
[WhiteTeam "Unna SV"]
[BlackTeam "Muelheim Nord IV"]
[WhiteTeamCountry "GER"]
[BlackTeamCountry "GER"]

1. d4 f5 2. c4 Nf6 3. Nc3 e6 4. Bg5 Be7 5. Nf3 d6 6. g3 0-0 7. Bg2 Nbd7 8. Qc2 h6 9. Bxf6 Bxf6 10. h4 g6 11. 0-0-0 Nb6 12. b3 d5 13. Ne5 Bxe5 14. dxe5 c6 15. cxd5 cxd5 16. Kb2 Bd7 17. Qd2 Kg7 18. f4 h5 19. Qd4 Qe7 20. e3 Nc8 21. Bf1 a6 22. Ne2 Na7 23. Qb6 Nb5 24. Bg2 Qa3+ 25. Kb1 Qb4 26. Kb2 Rfc8 27. Bxd5 Rc2+ 28. Ka1 Rxa2+ 29. Kxa2 Nc3+ 30. Nxc3 Qxb6 31. Bc4 Bb5 32. Rd6 Qxe3 33. Nd1 Qe4 34. Rh2 Bxc4 35. Nc3 Qe1 36. Rc2 Bd5 37. Nxd5 Qa5+ 38. Kb2 exd5 39. Rd7+ Kf8 40. Rxb7 d4 41. Rcc7 Qd5 42. Rh7 Qg8 43. e6 Qxe6 44. Rh8+ Qg8 45. Rxg8+ Kxg8 46. Rd7 1/2-1/2

[Event "Ruhrgebiet Regionalliga 1516"]
[Site "Germany"]
[Date "2016.04.10"]
[Round "8.7"]
[White "Schlenter, Ruediger"]
[Black "Kandyba, Andriy"]
[Result "1-0"]
[WhiteElo "1872"]
[BlackElo "1952"]
[PlyCount "35"]
[EventDate "2015.09.13"]
[EventType "team-tourn"]
[EventRounds "9"]
[EventCountry "GER"]
[SourceTitle "EXT 2022"]
[Source "ChessBase"]
[SourceDate "2021.10.06"]
[SourceVersion "1"]
[SourceVersionDate "2021.10.06"]
[SourceQuality "1"]
[WhiteTeam "Muelheim Nord III"]
[BlackTeam "Bochum-Linden"]
[WhiteTeamCountry "GER"]
[BlackTeamCountry "GER"]

1. Nf3 Nf6 2. c4 g6 3. b3 Bg7 4. Bb2 0-0 5. g3 d5 6. Bg2 c5 7. cxd5 Na6 8. 0-0 Nb4 9. Qc1 Bf5 10. d3 Bxd3 11. exd3 Nxd3 12. Qc2 Nxb2 13. Qxb2 Nxd5 14. Ne5 Nb4 15. f4 Nc2 16. Qxc2 Qd4+ 17. Kh1 Qxa1 18. Nc3 1-0

[Event "Ruhrgebiet Verbandsliga Gruppe 2 1415"]
[Site "Germany"]
[Date "2014.10.19"]
[Round "2.3"]
[White "Gohla, Ulf"]
[Black "Schlenter, Ruediger"]
[Result "1/2-1/2"]
[WhiteElo "2120"]
[BlackElo "1872"]
[PlyCount "44"]
[EventDate "2014.09.21"]
[EventType "team-tourn"]
[EventRounds "9"]
[EventCountry "GER"]
[SourceTitle "EXT 2022"]
[Source "ChessBase"]
[SourceDate "2021.10.06"]
[SourceVersion "1"]
[SourceVersionDate "2021.10.06"]
[SourceQuality "1"]
[WhiteTeam "Wattenscheid SV III"]
[BlackTeam "Muelheim Nord IV"]
[WhiteTeamCountry "GER"]
[BlackTeamCountry "GER"]

1. d4 Nf6 2. c4 g6 3. Nc3 Bg7 4. e4 d6 5. Be2 0-0 6. Bg5 c5 7. d5 e6 8. h3 Qa5 9. Qd2 exd5 10. exd5 Re8 11. Nf3 a6 12. 0-0 Bf5 13. Nh4 Bd7 14. Qf4 Qd8 15. Qxd6 h6 16. Be3 g5 17. Nf3 Bf8 18. Qg3 Nh5 19. Qh2 Qb6 20. Ne5 Bd6 21. Bxh5 Bxe5 22. g3 Qxb2 1/2-1/2

[Event "EU-Cup 29th"]
[Site "Rhodes"]
[Date "2013.10.26"]
[Round "7.5"]
[White "Van Kemenade, Julie"]
[Black "Schlenter, Ruediger"]
[Result "0-1"]
[WhiteElo "1743"]
[BlackElo "1929"]
[PlyCount "66"]
[EventDate "2013.10.20"]
[EventType "team-swiss"]
[EventRounds "7"]
[EventCountry "GRE"]
[SourceTitle "CBM 157"]
[Source "ChessBase"]
[SourceDate "2013.11.12"]
[SourceVersion "1"]
[SourceVersionDate "2013.11.12"]
[SourceQuality "1"]
[WhiteTeam "Cardigan"]
[BlackTeam "Muelheim"]
[WhiteTeamCountry "WLS"]
[BlackTeamCountry "GER"]

1. e4 c5 2. Nc3 g6 3. f4 Bg7 4. Bc4 d6 5. Nf3 Nc6 6. a3 e6 7. Ba2 Nge7 8. 0-0 0-0 9. d3 Rb8 10. Ne2 d5 11. Qe1 dxe4 12. dxe4 Nd4 13. Nexd4 cxd4 14. Kh1 b6 15. Ng5 h6 16. Nf3 Nc6 17. Rb1 d3 18. c3 Qe7 19. Bd2 Rd8 20. Rd1 Ba6 21. Qf2 Rd7 22. Rde1 Qc5 23. Qg3 Rbd8 24. Nh4 Qh5 25. Nf3 Kh7 26. Re3 Bf8 27. Qe1 Bc5 28. Ng5+ Kg7 29. Rh3 Qe2 30. Qc1 hxg5 31. Re1 Qg4 32. Rg3 Qxg3 33. hxg3 Rh8# 0-1

[Event "Solingen Karneval op"]
[Site "Solingen"]
[Date "2013.02.08"]
[Round "1"]
[White "Schlenter, Ruediger"]
[Black "Nguyen, Philipp"]
[Result "0-1"]
[WhiteElo "1928"]
[BlackElo "1425"]
[PlyCount "82"]
[EventDate "2013.02.08"]
[EventType "swiss"]
[EventRounds "5"]
[EventCountry "GER"]
[SourceTitle "EXT 2015"]
[Source "ChessBase"]
[SourceDate "2014.11.20"]
[SourceVersion "1"]
[SourceVersionDate "2014.11.20"]
[SourceQuality "1"]

1. Nf3 Nf6 2. g3 g6 3. Bg2 Bg7 4. c4 d6 5. Nc3 e5 6. d3 0-0 7. a3 a5 8. 0-0 Bd7 9. c5 Re8 10. cxd6 cxd6 11. Bg5 h6 12. Be3 d5 13. Na4 Nc6 14. Nc5 Bg4 15. Qc1 b6 16. Na4 b5 17. Nb6 Rb8 18. Qxc6 d4 19. Bd2 Rxb6 20. Qc1 Rb8 21. h3 Rc8 22. Qe1 Bf5 23. g4 e4 24. Bxa5 Qe7 25. gxf5 exf3 26. Bxf3 gxf5 27. Qb4 Qe5 28. Rfc1 Bf8 29. Qe1 Bd6 30. Kf1 Qh2 31. Bg2 Nh5 32. Bd2 Bf4 33. e3 dxe3 34. Rxc8 Rxc8 35. fxe3 Ng3+ 36. Kf2 Ne4+ 37. Ke2 Qxg2+ 38. Kd1 Qf3+ 39. Qe2 Nf2+ 40. Ke1 Nxd3+ 41. Qxd3 Bg3# 0-1

[Event "Ruhrgebiet VK1 1213"]
[Site "Nordrheinwestfalen"]
[Date "2013.01.13"]
[Round "5.5"]
[White "Schlenter, Ruediger"]
[Black "Jaeger, Heinz"]
[Result "1/2-1/2"]
[WhiteElo "1778"]
[BlackElo "1968"]
[PlyCount "43"]
[EventDate "2012.09.02"]
[EventType "team-tourn"]
[EventRounds "9"]
[EventCountry "GER"]
[SourceTitle "EXT 2020"]
[Source "ChessBase"]
[SourceDate "2019.10.17"]
[SourceVersion "1"]
[SourceVersionDate "2019.10.17"]
[SourceQuality "1"]
[WhiteTeam "Muelheim Nord IV"]
[BlackTeam "Bottrop SV"]
[WhiteTeamCountry "GER"]
[BlackTeamCountry "GER"]

1. g3 e5 2. Bg2 d5 3. d3 Be6 4. Nf3 Nd7 5. e4 f6 6. exd5 Bxd5 7. Nc3 Bb4 8. 0-0 Bc6 9. a3 Bxc3 10. bxc3 Ne7 11. Re1 0-0 12. c4 Nf5 13. Be3 Nxe3 14. fxe3 Qe7 15. d4 e4 16. Nd2 f5 17. c3 Nf6 18. a4 Be8 19. c5 b6 20. cxb6 axb6 21. Nc4 Nd7 22. Qb1 1/2-1/2

[Event "Ruhrgebiet VK1 0910"]
[Site "Ruhrgebiet"]
[Date "2009.11.08"]
[Round "3.5"]
[White "Schlenter, Ruediger"]
[Black "Vengels, Joachim"]
[Result "0-1"]
[WhiteElo "1801"]
[BlackElo "1970"]
[PlyCount "74"]
[EventDate "2009.09.06"]
[EventType "team"]
[EventRounds "9"]
[EventCountry "GER"]
[SourceTitle "EXT 2011"]
[Source "ChessBase"]
[SourceDate "2010.11.26"]
[SourceVersion "1"]
[SourceVersionDate "2010.11.26"]
[SourceQuality "1"]
[WhiteTeam "Essen Ueberruhr II"]
[BlackTeam "Hervest Dorsten"]
[WhiteTeamCountry "GER"]
[BlackTeamCountry "GER"]

1. Nf3 d5 2. d4 Nf6 3. Bf4 c6 4. e3 Qb6 5. Qc1 Bf5 6. Nbd2 Nbd7 7. Be2 e6 8. Nh4 Bg6 9. Nxg6 hxg6 10. h3 c5 11. c3 Rc8 12. Nf3 Bd6 13. Bxd6 Qxd6 14. Qd1 0-0 15. Bd3 cxd4 16. exd4 e5 17. dxe5 Nxe5 18. 0-0 Rfe8 19. Nd4 Qb6 20. Rb1 Re7 21. Re1 Rce8 22. Bb5 Nc6 23. Rxe7 Rxe7 24. Bxc6 bxc6 25. Qc2 c5 26. Nf3 Qa6 27. Re1 Rxe1+ 28. Nxe1 Qxa2 29. Qe2 Qb1 30. Kh2 Qe4 31. Qxe4 Nxe4 32. Nd3 c4 33. Nb4 Nxf2 34. Nxd5 Nd3 35. Ne7+ Kf8 36. Nc6 a6 37. Nb4 a5 0-1

[Event "Ruhrgebiet VK playoff 0405"]
[Site "Ruhrgebiet"]
[Date "2005.06.12"]
[Round "3.8"]
[White "Hinz, Arne"]
[Black "Schlenter, Ruediger"]
[Result "1-0"]
[WhiteElo "1651"]
[BlackElo "1797"]
[PlyCount "73"]
[EventDate "2005.05.08"]
[EventType "team"]
[EventRounds "3"]
[EventCountry "GER"]
[SourceTitle "EXT 2006"]
[Source "ChessBase"]
[SourceDate "2005.11.24"]
[SourceVersion "1"]
[SourceVersionDate "2005.11.24"]
[SourceQuality "1"]
[WhiteTeam "Bochum 31 III"]
[BlackTeam "Ruettenscheid Rochade"]
[WhiteTeamCountry "GER"]
[BlackTeamCountry "GER"]

1. e4 Nf6 2. e5 Nd5 3. d4 d6 4. c4 Nb6 5. Nf3 Bg4 6. Be2 dxe5 7. Nxe5 Bxe2 8. Qxe2 Qxd4 9. 0-0 N8d7 10. Nxd7 Nxd7 11. Rd1 Qe5 12. Qf3 c6 13. Nc3 Qf6 14. Qg3 e5 15. Ne4 Qe6 16. b3 h6 17. Bb2 0-0-0 18. Qe3 Kb8 19. c5 Be7 20. b4 Nf6 21. Ng3 Nd7 22. Ne4 f5 23. Nd6 Rhg8 24. Qf3 g6 25. a4 Bxd6 26. Rxd6 Qc4 27. Rad1 Kc8 28. Rxc6+ Kb8 29. Rcd6 Qxb4 30. c6 Qxb2 31. Rxd7 Rxd7 32. cxd7 Rd8 33. Qd5 Qc2 34. Qxe5+ Qc7 35. Qe6 Qc2 36. Qd6+ Qc7 37. Qxg6 1-0